[Event "Kerkinitida Cup Blitz"]
[Site "Evpatoria"]
[Date "2023.09.03"]
[Round "2"]
[White "Jary, Sergey"]
[Black "Pischal, Yulia"]
[Result "1-0"]
[WhiteElo "2233"]
[BlackElo "1952"]
[PlyCount "53"]
[EventDate "2023.09.03"]
[EventType "swiss (blitz)"]
[EventRounds "13"]
[EventCountry "UKR"]
[SourceTitle "EXT 2024"]
[Source "ChessBase"]
[SourceDate "2023.10.10"]
[SourceVersion "1"]
[SourceVersionDate "2023.10.10"]
[SourceQuality "1"]

1. Nf3 d5 2. c4 c6 3. Qc2 Nf6 4. g3 g6 5. Bg2 Bg7 6. 0-0 0-0 7. d3 Bg4 8. Nbd2 Na6 9. Rb1 Nc7 10. b4 a6 11. a4 dxc4 12. Nxc4 Ne6 13. Bb2 Re8 14. Nfe5 Bh5 15. h3 Nd4 16. Bxd4 Qxd4 17. e3 Qd8 18. g4 b5 19. Na5 Nd5 20. Nexc6 Qd6 21. gxh5 Rac8 22. Qc5 Qxc5 23. bxc5 Nc3 24. hxg6 Nxb1 25. gxf7+ Kxf7 26. Rxb1 bxa4 27. d4 1-0

[Event "Kerkinitida Cup Blitz"]
[Site "Evpatoria"]
[Date "2023.09.03"]
[Round "11"]
[White "Pischal, Yulia"]
[Black "Iljin, Viktor"]
[Result "0-1"]
[WhiteElo "1952"]
[BlackElo "1066"]
[PlyCount "73"]
[EventDate "2023.09.03"]
[EventType "swiss (blitz)"]
[EventRounds "13"]
[EventCountry "UKR"]
[SourceTitle "EXT 2024"]
[Source "ChessBase"]
[SourceDate "2023.10.10"]
[SourceVersion "1"]
[SourceVersionDate "2023.10.10"]
[SourceQuality "1"]

1. e4 d6 2. d4 Nd7 3. Nc3 c5 4. Nge2 g6 5. g3 Bg7 6. Be3 cxd4 7. Nxd4 Ngf6 8. Bg2 0-0 9. 0-0 a6 10. h3 Nc5 11. Qd2 Ne6 12. Nb3 Rb8 13. Nd5 Nxd5 14. exd5 Nc7 15. c3 b5 16. Nd4 Bb7 17. Nb3 Ne8 18. Rad1 Nf6 19. Rfe1 Qc7 20. Bh6 Rfe8 21. Bxg7 Kxg7 22. Qf4 a5 23. Qh4 a4 24. Nd4 Bxd5 25. Bxd5 Nxd5 26. Nf5+ gxf5 27. Qg5+ Kh8 28. Rxd5 e6 29. Qf6+ Kg8 30. Rd4 Qd8 31. Qh6 Qe7 32. g4 Qf8 33. Qh4 e5 34. Rd5 fxg4 35. Kh1 Qe7 36. Qxg4+ Kf8 37. Rg1 0-1

[Event "Kerkinitida Cup Blitz"]
[Site "Evpatoria"]
[Date "2023.09.03"]
[Round "8"]
[White "Tihomirov, Alexandr"]
[Black "Pischal, Yulia"]
[Result "1-0"]
[WhiteElo "1973"]
[BlackElo "1952"]
[PlyCount "66"]
[EventDate "2023.09.03"]
[EventType "swiss (blitz)"]
[EventRounds "13"]
[EventCountry "UKR"]
[SourceTitle "EXT 2024"]
[Source "ChessBase"]
[SourceDate "2023.10.10"]
[SourceVersion "1"]
[SourceVersionDate "2023.10.10"]
[SourceQuality "1"]

1. e4 c5 2. Nf3 d6 3. c3 Nc6 4. d4 g6 5. Bc4 e6 6. d5 Ne5 7. Nxe5 dxe5 8. 0-0 exd5 9. exd5 Bg7 10. Nd2 Nf6 11. Nf3 Nd7 12. Bg5 Qb6 13. b3 0-0 14. Be7 Re8 15. d6 Nf8 16. Ng5 Be6 17. Qf3 Bxc4 18. bxc4 Qc6 19. Qxf7+ Kh8 20. Rad1 Qd7 21. Rd5 Rac8 22. Rfd1 h6 23. Nf3 Qf5 24. Qxf5 gxf5 25. Nxe5 Bxe5 26. Rxe5 Nd7 27. Rxf5 Rg8 28. Rh5 Rg6 29. g3 Kg7 30. Rd3 Rc6 31. Rf3 Rb6 32. Rhf5 Re6 33. Rf7+ Kg6 1-0

[Event "Dzhubga Rapid op"]
[Site "Dzhubga"]
[Date "2023.08.11"]
[Round "5"]
[White "Ivlev, Aleksey"]
[Black "Pischal, Yulia"]
[Result "1-0"]
[WhiteElo "2315"]
[BlackElo "1952"]
[PlyCount "33"]
[EventDate "2023.08.10"]
[EventType "swiss (rapid)"]
[EventRounds "11"]
[EventCountry "RUS"]
[SourceTitle "CBM 215 Extra"]
[Source "ChessBase"]
[SourceDate "2023.09.30"]
[SourceVersion "1"]
[SourceVersionDate "2023.09.30"]
[SourceQuality "1"]

1. d4 f5 2. Nc3 d5 3. Bg5 c6 4. e3 Nd7 5. Bd3 g6 6. h4 h6 7. Bxf5 Kf7 8. Bxd7 Bxd7 9. Bf4 Bg7 10. Nf3 Bf6 11. Qe2 Kg7 12. 0-0-0 b5 13. Ne5 a5 14. g4 g5 15. hxg5 hxg5 16. Rxh8 Kxh8 17. Nf7+ 1-0

[Event "Alushta Blitz op"]
[Site "Alushta"]
[Date "2023.07.14"]
[Round "12"]
[White "Zhurov, Sergey"]
[Black "Pischal, Yulia"]
[Result "1-0"]
[WhiteElo "2226"]
[BlackElo "1952"]
[PlyCount "67"]
[EventDate "2023.07.14"]
[EventType "swiss (blitz)"]
[EventRounds "13"]
[EventCountry "UKR"]
[SourceTitle "CBM 215 Extra"]
[Source "ChessBase"]
[SourceDate "2023.09.30"]
[SourceVersion "1"]
[SourceVersionDate "2023.09.30"]
[SourceQuality "1"]

1. d4 f5 2. g3 Nf6 3. Bg2 g6 4. Nd2 Bg7 5. e4 fxe4 6. Nxe4 0-0 7. Nxf6+ Bxf6 8. Bh6 Bg7 9. Qd2 e6 10. Bxg7 Kxg7 11. h4 Qf6 12. Nf3 Nc6 13. 0-0-0 d6 14. h5 Ne7 15. hxg6 Qxg6 16. Nh4 Qf6 17. f4 Bd7 18. Bxb7 Rab8 19. Be4 Bc6 20. Qd3 Bxe4 21. Qxe4 Rb5 22. Nf3 h6 23. Ng5 Rxg5 24. fxg5 Qxg5+ 25. Kb1 Rf6 26. Qd3 Nd5 27. a3 Ne3 28. Rde1 Nf5 29. g4 Ne7 30. Reg1 Ng6 31. Rh5 Qf4 32. g5 hxg5 33. Rhxg5 e5 34. Rxg6+ 1-0

[Event "Yalta Yialos Blitz"]
[Site "Yalta"]
[Date "2022.08.31"]
[Round "5"]
[White "Pischal, Yulia"]
[Black "Jary, Sergey"]
[Result "0-1"]
[WhiteElo "1952"]
[BlackElo "2275"]
[PlyCount "90"]
[EventDate "2022.08.31"]
[EventType "swiss (blitz)"]
[EventRounds "13"]
[EventCountry "UKR"]
[SourceTitle "CBM 210 Extra"]
[Source "ChessBase"]
[SourceDate "2022.11.30"]
[SourceVersion "1"]
[SourceVersionDate "2022.11.30"]
[SourceQuality "1"]

1. e4 g6 2. d4 Bg7 3. c3 c6 4. h3 Na6 5. Nf3 Nc7 6. Bd3 d6 7. 0-0 e5 8. dxe5 dxe5 9. Bc2 Qxd1 10. Rxd1 h6 11. a4 Ne7 12. Na3 Be6 13. Be3 b6 14. Bd3 Rd8 15. Bc4 0-0 16. Bxe6 Nxe6 17. Nc4 f6 18. a5 b5 19. Ncd2 Nc8 20. Nb3 Rxd1+ 21. Rxd1 Rd8 22. Ra1 Bf8 23. Kf1 Kf7 24. a6 Bd6 25. Ke2 Bc7 26. Ne1 f5 27. exf5 gxf5 28. Na5 Bxa5 29. Rxa5 f4 30. Bd2 Nb6 31. b3 e4 32. Nc2 h5 33. Nb4 Rd6 34. Ra1 Kf6 35. g3 c5 36. Nc2 f3+ 37. Ke1 c4 38. bxc4 Nxc4 39. Be3 Nxe3 40. Nxe3 Nc5 41. g4 hxg4 42. Nxg4+ Ke6 43. Ne3 Rxa6 44. Rb1 Ra2 45. Rxb5 Nd3+ 0-1

[Event "Alushta Rapid op"]
[Site "Alushta"]
[Date "2022.07.04"]
[Round "4"]
[White "Pischal, Yulia"]
[Black "Jary, Sergey"]
[Result "0-1"]
[WhiteElo "1952"]
[BlackElo "2275"]
[PlyCount "73"]
[EventDate "2022.07.03"]
[EventType "swiss (rapid)"]
[EventRounds "11"]
[EventCountry "UKR"]
[SourceTitle "CBM 209 Extra"]
[Source "ChessBase"]
[SourceDate "2022.09.30"]
[SourceVersion "1"]
[SourceVersionDate "2022.09.30"]
[SourceQuality "1"]

1. Nf3 g6 2. g3 Bg7 3. Bg2 e5 4. d3 d5 5. 0-0 Ne7 6. Nbd2 0-0 7. c4 c6 8. Rb1 a5 9. a3 b5 10. b3 Nd7 11. Bb2 Bb7 12. e4 d4 13. Qc2 b4 14. axb4 axb4 15. Ra1 Qb6 16. Rfe1 Nc5 17. Nf1 Rxa1 18. Rxa1 Ra8 19. Rxa8+ Bxa8 20. N3d2 Bb7 21. Bh3 Qa5 22. Qb1 Bh6 23. Bg4 Bc8 24. Be2 f5 25. Bf3 f4 26. Kg2 g5 27. h3 Be6 28. Be2 Bg7 29. Qa1 Qxa1 30. Bxa1 Nc8 31. Bb2 Nd6 32. Nh2 Ndb7 33. gxf4 gxf4 34. Nhf3 Na5 35. Ne1 Naxb3 36. Ndf3 Na4 37. Bc1 0-1

[Event "Alushta Rapid op"]
[Site "Alushta"]
[Date "2022.07.03"]
[Round "2"]
[White "Lugovskoy, Maxim"]
[Black "Pischal, Yulia"]
[Result "1-0"]
[WhiteElo "2397"]
[BlackElo "1952"]
[PlyCount "51"]
[EventDate "2022.07.03"]
[EventType "swiss (rapid)"]
[EventRounds "11"]
[EventCountry "UKR"]
[SourceTitle "CBM 209 Extra"]
[Source "ChessBase"]
[SourceDate "2022.09.30"]
[SourceVersion "1"]
[SourceVersionDate "2022.09.30"]
[SourceQuality "1"]

1. e4 c5 2. Nf3 d6 3. Bb5+ Nd7 4. d4 cxd4 5. Qxd4 Ngf6 6. c4 a6 7. Bxd7+ Bxd7 8. Nc3 g6 9. 0-0 Bg7 10. Qd3 Bc6 11. Bg5 0-0 12. Rad1 Qa5 13. b3 b5 14. Nd4 Bb7 15. Nd5 Nxd5 16. cxd5 Rfe8 17. Rc1 Rac8 18. Rxc8 Bxc8 19. Nc6 Qxa2 20. Bxe7 Qa3 21. Qg3 Bf8 22. Bxf8 Kxf8 23. Qc3 Kg8 24. Qf6 Qc5 25. Ne7+ Kf8 26. e5 1-0

[Event "Alushta Blitz op"]
[Site "Alushta"]
[Date "2022.07.02"]
[Round "4"]
[White "Pischal, Yulia"]
[Black "Smirnov, Pavel"]
[Result "0-1"]
[WhiteElo "1952"]
[BlackElo "2544"]
[PlyCount "57"]
[EventDate "2022.07.02"]
[EventType "swiss (blitz)"]
[EventRounds "13"]
[EventCountry "UKR"]
[SourceTitle "CBM 209 Extra"]
[Source "ChessBase"]
[SourceDate "2022.09.30"]
[SourceVersion "1"]
[SourceVersionDate "2022.09.30"]
[SourceQuality "1"]

1. e4 e5 2. Nf3 Nc6 3. d4 exd4 4. Nxd4 Nf6 5. Nxc6 bxc6 6. e5 Qe7 7. Qe2 Nd5 8. Qe4 g6 9. c4 Nb6 10. Nc3 Bg7 11. f4 0-0 12. Be3 Bb7 13. 0-0-0 Rad8 14. h4 Ba8 15. c5 Nd5 16. Nxd5 cxd5 17. Qc2 d6 18. Bd4 dxe5 19. fxe5 Bxe5 20. Qc3 Bxd4 21. Rxd4 Qe5 22. Bd3 Rfe8 23. g4 Bc6 24. b3 Qg3 25. h5 Qg2 26. Rd1 Re3 27. hxg6 hxg6 28. Rf4 d4 29. Qc4 0-1

[Event "Titled Tuesday intern op 05th Apr Early"]
[Site "Chess.com INT"]
[Date "2022.04.05"]
[Round "8"]
[White "Becerra, Juan David"]
[Black "Pischal, Yulia"]
[Result "1-0"]
[WhiteElo "2296"]
[BlackElo "1952"]
[PlyCount "125"]
[EventDate "2022.04.05"]
[EventType "swiss (blitz)"]
[EventRounds "11"]
[EventCountry "USA"]
[SourceTitle "CBM 207 Extra"]
[Source "ChessBase"]
[SourceDate "2022.05.31"]
[SourceVersion "1"]
[SourceVersionDate "2022.05.31"]
[SourceQuality "1"]

1. e4 c5 2. c3 Nf6 3. e5 Nd5 4. d4 cxd4 5. cxd4 Nc6 6. Nc3 Nxc3 7. bxc3 d6 8. f4 g6 9. Nf3 Bg7 10. h3 0-0 11. Bd3 dxe5 12. fxe5 Be6 13. 0-0 Rb8 14. Bf4 b5 15. Ng5 Bd5 16. e6 Bxe6 17. Nxe6 fxe6 18. Bxb8 Qxb8 19. Rxf8+ Bxf8 20. Qe2 Qd6 21. Re1 Nd8 22. Bxb5 Qa3 23. Bc4 Qxc3 24. Bxe6+ Kh8 25. d5 Bg7 26. Rf1 Nb7 27. Kh1 Nd6 28. Rb1 Be5 29. Qf3 Qxf3 30. gxf3 Kg7 31. Rb8 Bd4 32. Kg2 Kf6 33. a4 h5 34. a5 Ke5 35. Rf8 Nc4 36. a6 Nd6 37. Kg3 g5 38. h4 gxh4+ 39. Kxh4 Nc4 40. Kxh5 Nd2 41. Rf5+ Kd6 42. Kg4 Bb6 43. Rh5 Nc4 44. Rh8 Ne3+ 45. Kf4 Nxd5+ 46. Bxd5 Kxd5 47. Rh5+ Kc6 48. Kf5 Bc5 49. Ke6 Bd6 50. Rd5 Bb4 51. Rd7 Kb6 52. Rb7+ Kxa6 53. Rxb4 Ka5 54. Rb8 a6 55. Kxe7 Ka4 56. f4 a5 57. f5 Ka3 58. f6 a4 59. f7 Ka2 60. f8Q a3 61. Qf2+ Ka1 62. Qe1+ Ka2 63. Qb1# 1-0

[Event "Titled Tuesday intern op 05th Apr Early"]
[Site "Chess.com INT"]
[Date "2022.04.05"]
[Round "4"]
[White "Pesotskiy, Mikhail"]
[Black "Pischal, Yulia"]
[Result "1-0"]
[WhiteElo "2217"]
[BlackElo "1952"]
[PlyCount "121"]
[EventDate "2022.04.05"]
[EventType "swiss (blitz)"]
[EventRounds "11"]
[EventCountry "USA"]
[SourceTitle "CBM 207 Extra"]
[Source "ChessBase"]
[SourceDate "2022.05.31"]
[SourceVersion "1"]
[SourceVersionDate "2022.05.31"]
[SourceQuality "1"]

1. d4 f5 2. c4 Nf6 3. g3 g6 4. Bg2 Bg7 5. Nc3 0-0 6. Nf3 d6 7. 0-0 Nc6 8. d5 Na5 9. b3 c5 10. Qc2 Bd7 11. Bb2 Qc7 12. e4 fxe4 13. Ng5 Bf5 14. Ncxe4 Qd7 15. Rae1 b5 16. Qc3 Nb7 17. Ne6 Bxe6 18. dxe6 Qe8 19. Ng5 Rb8 20. Nf7 bxc4 21. Qxc4 Qc8 22. Bxb7 Rxb7 23. Nxd6 exd6 24. e7+ d5 25. exf8Q+ Qxf8 26. Qa6 Rd7 27. Qe6+ Rf7 28. Bxf6 Bxf6 29. Qxd5 Kg7 30. Kg2 Bd4 31. Re2 h5 32. b4 Rf5 33. Qc4 Qa8+ 34. Kg1 Qf3 35. bxc5 Bxc5 36. Qe4 Qxe4 37. Rxe4 Bb6 38. h4 Kf6 39. Kg2 Rd5 40. Rfe1 Rd2 41. R1e2 Rd1 42. Rf4+ Kg7 43. Re7+ Kg8 44. Rfe4 Rd2 45. Re2 Rd1 46. R7e6 Kf7 47. Rc6 Rd5 48. Rcc2 Rf5 49. Re4 Kg7 50. a4 Rd5 51. Ra2 Ra5 52. Rb4 Kf7 53. Rb5 Rxb5 54. axb5 Kf6 55. Re2 Kf5 56. Kf3 Kf6 57. Ke4 g5 58. hxg5+ Kxg5 59. Rc2 h4 60. gxh4+ Kxh4 61. f4 1-0

[Event "Titled Tuesday intern op 05th Apr Early"]
[Site "Chess.com INT"]
[Date "2022.04.05"]
[Round "3"]
[White "Roberson, Peter T"]
[Black "Pischal, Yulia"]
[Result "1-0"]
[WhiteElo "2430"]
[BlackElo "1952"]
[PlyCount "99"]
[EventDate "2022.04.05"]
[EventType "swiss (blitz)"]
[EventRounds "11"]
[EventCountry "USA"]
[SourceTitle "CBM 207 Extra"]
[Source "ChessBase"]
[SourceDate "2022.05.31"]
[SourceVersion "1"]
[SourceVersionDate "2022.05.31"]
[SourceQuality "1"]

1. e4 c5 2. Na3 g6 3. c3 Bg7 4. Nf3 d6 5. d4 Nd7 6. Be2 Ngf6 7. 0-0 Nxe4 8. Re1 0-0 9. Bf4 cxd4 10. cxd4 Ndf6 11. Bd3 d5 12. Nc2 Bf5 13. Ne3 Be6 14. h3 h6 15. Qb3 Qb6 16. Qa3 Rfe8 17. Rad1 a5 18. Ne5 Qb4 19. f3 Nd6 20. Qxb4 axb4 21. Bb1 Rec8 22. Nd3 Nc4 23. Nxc4 Rxc4 24. Nc5 Nd7 25. Nxe6 fxe6 26. Rxe6 Rxd4 27. Rxd4 Bxd4+ 28. Kf1 Nf8 29. Rxe7 Bf6 30. Rxb7 Bxb2 31. Bxh6 Bc3 32. Bxf8 Rxf8 33. Bxg6 Rf6 34. Bd3 Re6 35. h4 Re1+ 36. Kf2 Ra1 37. Rb8+ Kg7 38. Ra8 Bd4+ 39. Kg3 Rd1 40. Bc2 Rd2 41. Bb3 Be5+ 42. Kh3 d4 43. Rd8 d3 44. Bc4 Rc2 45. Bxd3 Rxa2 46. Bc4 Ra3 47. Rd7+ Kf6 48. Rb7 Bc3 49. Kg4 Ra1 50. h5 1-0

[Event "Titled Tuesday intern op 05th Apr Early"]
[Site "Chess.com INT"]
[Date "2022.04.05"]
[Round "1"]
[White "Sellitti, Federico"]
[Black "Pischal, Yulia"]
[Result "1-0"]
[WhiteElo "2176"]
[BlackElo "1952"]
[PlyCount "167"]
[EventDate "2022.04.05"]
[EventType "swiss (blitz)"]
[EventRounds "11"]
[EventCountry "USA"]
[SourceTitle "CBM 207 Extra"]
[Source "ChessBase"]
[SourceDate "2022.05.31"]
[SourceVersion "1"]
[SourceVersionDate "2022.05.31"]
[SourceQuality "1"]

1. e4 c5 2. Nc3 Nc6 3. g3 g6 4. Bg2 Bg7 5. d3 d6 6. Be3 e6 7. Qd2 h6 8. Nge2 Nge7 9. 0-0 Nd4 10. Nc1 Nec6 11. Nd1 e5 12. c3 Ne6 13. f4 exf4 14. gxf4 f5 15. exf5 gxf5 16. Ne2 0-0 17. Ng3 Qe8 18. Bf3 Kh7 19. Bh5 Qe7 20. Qg2 Qh4 21. Kh1 Bd7 22. Rg1 Be8 23. Bxe8 Raxe8 24. Nf2 Ncd8 25. Nxf5 Qf6 26. Nxg7 Nxg7 27. Ng4 Qf5 28. Rae1 Nh5 29. Qh3 Re6 30. Bd2 Rg6 31. Nf2 Qxh3 32. Nxh3 Rxg1+ 33. Rxg1 Nc6 34. Re1 Rf7 35. Re6 d5 36. f5 Nf6 37. Nf4 Ng4 38. Nxd5 Nf2+ 39. Kg2 Nxd3 40. Rxh6+ Kg7 41. Rg6+ Kf8 42. Rg3 Nde5 43. Bh6+ Ke8 44. Bf4 Kd7 45. Bxe5 Nxe5 46. Ne3 b6 47. h4 Nd3 48. Kf3 Nxb2 49. h5 Rh7 50. Kg4 Nd3 51. Ng2 Ne5+ 52. Kf4 Kd6 53. Rh3 Rh6 54. Ne3 c4 55. Ng4 Nxg4 56. Kxg4 Ke5 57. Kg5 Rh8 58. h6 Rg8+ 59. Kh5 Kxf5 60. Rf3+ Ke4 61. Rf7 Ke5 62. h7 Rh8 63. Rxa7 Ke4 64. Kh6 Kd3 65. Kg7 Rc8 66. h8Q Rxh8 67. Kxh8 Kxc3 68. Rb7 Kb2 69. a4 Ka3 70. Rxb6 Kxa4 71. Kg7 c3 72. Kf6 c2 73. Rc6 Kb3 74. Ke5 Kb2 75. Rb6+ Ka1 76. Rc6 Kb2 77. Rb6+ Ka1 78. Kd4 c1Q 79. Ra6+ Kb2 80. Rb6+ Ka3 81. Ra6+ Kb4 82. Rb6+ Ka5 83. Rd6 Qd1+ 84. Ke5 1-0

[Event "Titled Tuesday intern op 01st Mar Early"]
[Site "Chess.com INT"]
[Date "2022.03.01"]
[Round "6"]
[White "Alfaro Caracas, William"]
[Black "Pischal, Yulia"]
[Result "0-1"]
[WhiteElo "2143"]
[BlackElo "1963"]
[PlyCount "186"]
[EventDate "2022.03.01"]
[EventType "swiss (blitz)"]
[EventRounds "11"]
[EventCountry "USA"]
[SourceTitle "CBM 207 Extra"]
[Source "ChessBase"]
[SourceDate "2022.05.31"]
[SourceVersion "1"]
[SourceVersionDate "2022.05.31"]
[SourceQuality "1"]

1. e4 c5 2. Nf3 d6 3. d4 cxd4 4. Nxd4 Nf6 5. Nc3 Nc6 6. Be2 e5 7. Nb3 Be7 8. 0-0 0-0 9. Be3 Be6 10. f3 a5 11. a4 Nb4 12. Rf2 d5 13. Bf1 d4 14. Bd2 dxc3 15. bxc3 Nc6 16. Be3 Qxd1 17. Rxd1 Rfd8 18. Rfd2 Rxd2 19. Rxd2 Bxb3 20. cxb3 Rd8 21. Bb5 Rxd2 22. Bxd2 Bd8 23. Be3 Nd7 24. Kf1 Bb6 25. Bd2 Kf8 26. b4 Ke7 27. Ke2 Kd6 28. Kd3 Ndb8 29. Kc4 Bg1 30. h3 f6 31. Bc1 Bb6 32. Ba3 Ke6 33. Kd3 Ne7 34. Bc4+ Kd7 35. Bb3 Ng6 36. Ke2 Nf4+ 37. Kf1 Nc6 38. b5 Nd8 39. c4 Nfe6 40. Bb2 Bd4 41. Bc1 b6 42. Bd2 Nc5 43. Bc2 Nde6 44. g3 g6 45. h4 Kd6 46. Kg2 Ng7 47. Kh3 Nce6 48. Bc1 Bc5 49. Bd1 Nd4 50. f4 Nge6 51. h5 exf4 52. gxf4 f5 53. e5+ Kd7 54. Kh4 Be7+ 55. Kh3 Nf8 56. Be3 Bc5 57. Kh4 Nfe6 58. Kh3 Ke7 59. hxg6 hxg6 60. Bd2 Kf7 61. Kg3 Kg7 62. Kh4 Kh6 63. Kg3 g5 64. fxg5+ Nxg5 65. Kh4 Nde6 66. Bf3 Kg6 67. Bd5 f4 68. Kg4 f3 69. Bxf3 Nxf3 70. Kxf3 Kf5 71. Ke2 Kxe5 72. Kd3 Kf5 73. Bh6 Nd8 74. Bg7 Nf7 75. Bc3 Nd6 76. Bg7 Ke6 77. Bh6 Nf7 78. Bf4 Ne5+ 79. Kc3 Kf5 80. Bh6 Ke4 81. Bg7 Nf3 82. Bf6 Bd4+ 83. Kc2 Bxf6 84. c5 bxc5 85. b6 Be5 86. Kb3 Bb8 87. Kc4 Ke5 88. Kxc5 Ke6 89. Kb5 Nd4+ 90. Kxa5 Kd6 91. Ka6 Kc6 92. a5 Nb5 93. b7 Nc7# 0-1

[Event "Titled Tuesday intern op 01st Mar Early"]
[Site "Chess.com INT"]
[Date "2022.03.01"]
[Round "10"]
[White "Heinemann, Josefine"]
[Black "Pischal, Yulia"]
[Result "1-0"]
[WhiteElo "2290"]
[BlackElo "1963"]
[PlyCount "69"]
[EventDate "2022.03.01"]
[EventType "swiss (blitz)"]
[EventRounds "11"]
[EventCountry "USA"]
[SourceTitle "CBM 207 Extra"]
[Source "ChessBase"]
[SourceDate "2022.05.31"]
[SourceVersion "1"]
[SourceVersionDate "2022.05.31"]
[SourceQuality "1"]

1. Nf3 g6 2. d4 Bg7 3. Nc3 d6 4. Bf4 f5 5. h4 h6 6. Qd2 e6 7. 0-0-0 Nf6 8. Kb1 Qe7 9. Re1 Nc6 10. e4 fxe4 11. Nxe4 Nxe4 12. Rxe4 Qf6 13. Bd3 Bd7 14. c3 0-0-0 15. Rhe1 e5 16. dxe5 dxe5 17. Nxe5 Bf5 18. Nxc6 Qxc6 19. Rd4 Bxd3+ 20. Qxd3 Bxd4 21. cxd4 Rhe8 22. Rc1 Qb6 23. Rxc7+ Qxc7 24. Bxc7 Kxc7 25. Qxg6 Re2 26. Qf7+ Kb8 27. Qf4+ Ka8 28. Qc7 Rde8 29. a3 Rxf2 30. d5 Rxg2 31. d6 Re1+ 32. Ka2 a6 33. d7 Ree2 34. d8Q+ Ka7 35. Qdb8# 1-0

[Event "Titled Tuesday intern op 01st Mar Early"]
[Site "Chess.com INT"]
[Date "2022.03.01"]
[Round "11"]
[White "Pischal, Yulia"]
[Black "Mikhalsky, Vladimir"]
[Result "0-1"]
[WhiteElo "1963"]
[BlackElo "2269"]
[PlyCount "68"]
[EventDate "2022.03.01"]
[EventType "swiss (blitz)"]
[EventRounds "11"]
[EventCountry "USA"]
[SourceTitle "CBM 207 Extra"]
[Source "ChessBase"]
[SourceDate "2022.05.31"]
[SourceVersion "1"]
[SourceVersionDate "2022.05.31"]
[SourceQuality "1"]

1. e4 c5 2. Nc3 Nc6 3. g3 g6 4. Bg2 Bg7 5. d3 d6 6. f4 e6 7. Nf3 Nge7 8. 0-0 Nd4 9. Ne2 Nec6 10. c3 Nxf3+ 11. Bxf3 f5 12. Be3 0-0 13. Qd2 Kh8 14. Rae1 e5 15. Bg2 fxe4 16. dxe4 Be6 17. Rd1 Bxa2 18. Qxd6 Nd4 19. Rxd4 cxd4 20. Qxd8 Raxd8 21. cxd4 exd4 22. Bd2 Rc8 23. e5 Rc2 24. Rd1 Rxb2 25. Nxd4 Rd8 26. Be3 Bf8 27. Rc1 b6 28. Nc6 Rd3 29. Bf2 Rdd2 30. Rf1 Bc5 31. e6 Bxf2+ 32. Kh1 Bc5 33. e7 Bxe7 34. Nxe7 Rxg2 0-1

[Event "Titled Tuesday intern op 01st Mar Early"]
[Site "Chess.com INT"]
[Date "2022.03.01"]
[Round "4"]
[White "Pischal, Yulia"]
[Black "Urazayev, Arystanbek"]
[Result "0-1"]
[WhiteElo "1963"]
[BlackElo "2438"]
[PlyCount "76"]
[EventDate "2022.03.01"]
[EventType "swiss (blitz)"]
[EventRounds "11"]
[EventCountry "USA"]
[SourceTitle "CBM 207 Extra"]
[Source "ChessBase"]
[SourceDate "2022.05.31"]
[SourceVersion "1"]
[SourceVersionDate "2022.05.31"]
[SourceQuality "1"]

1. e4 e5 2. Nf3 Nc6 3. Nc3 Nf6 4. g3 Bc5 5. Bg2 0-0 6. 0-0 d6 7. d3 h6 8. Be3 Bb6 9. h3 Be6 10. Kh2 Re8 11. Qd2 d5 12. exd5 Nxd5 13. Bxb6 axb6 14. a3 Nxc3 15. Qxc3 Bd5 16. Rae1 Qd6 17. Qd2 Re7 18. Nh4 Nd4 19. Bxd5 Qxd5 20. c3 Nc6 21. Nf5 Rd7 22. Re3 Rad8 23. Qe2 Qe6 24. g4 Qb3 25. Ng3 Qb5 26. f4 Rxd3 27. Rxd3 Qxd3 28. Qf2 e4 29. Re1 Re8 30. Re3 Qb1 31. Qe2 Qc1 32. Nxe4 Kf8 33. Kg2 g6 34. Kf3 Qh1+ 35. Qg2 Qxg2+ 36. Kxg2 f5 37. gxf5 gxf5 38. Kf3 fxe4+ 0-1

[Event "Titled Tuesday intern op 07th Dec"]
[Site "Chess.com INT"]
[Date "2021.12.07"]
[Round "3"]
[White "Bures, Vit"]
[Black "Pischal, Yulia"]
[Result "1-0"]
[WhiteElo "2119"]
[BlackElo "1963"]
[PlyCount "67"]
[EventDate "2021.12.07"]
[EventType "swiss (blitz)"]
[EventRounds "11"]
[EventCountry "USA"]
[SourceTitle "CBM 205 Extra"]
[Source "ChessBase"]
[SourceDate "2022.01.31"]
[SourceVersion "1"]
[SourceVersionDate "2022.01.31"]
[SourceQuality "1"]

1. d4 f5 2. Nc3 Nf6 3. Bg5 e6 4. e4 fxe4 5. Nxe4 Be7 6. Bxf6 Bxf6 7. Qh5+ g6 8. Qh6 d6 9. Nf3 a6 10. 0-0-0 Nc6 11. h4 Qe7 12. Nxf6+ Qxf6 13. h5 Rg8 14. Qxh7 Rg7 15. Qh8+ Qf8 16. Qxf8+ Kxf8 17. h6 Rh7 18. Ng5 Rh8 19. c3 Bd7 20. Bd3 Ne7 21. Rde1 Nf5 22. Nxe6+ Bxe6 23. Rxe6 Kf7 24. Bxf5 gxf5 25. Rhe1 Rae8 26. Rxe8 Rxe8 27. Rxe8 Kxe8 28. Kd2 Kf7 29. Ke3 Kg6 30. Kf4 Kxh6 31. Kxf5 Kh5 32. g4+ Kh4 33. g5 Kh3 34. g6 1-0

[Event "Titled Tuesday intern op 07th Dec"]
[Site "Chess.com INT"]
[Date "2021.12.07"]
[Round "2"]
[White "Pischal, Yulia"]
[Black "Brunello, Marina"]
[Result "0-1"]
[WhiteElo "1963"]
[BlackElo "2349"]
[PlyCount "68"]
[EventDate "2021.12.07"]
[EventType "swiss (blitz)"]
[EventRounds "11"]
[EventCountry "USA"]
[SourceTitle "CBM 205 Extra"]
[Source "ChessBase"]
[SourceDate "2022.01.31"]
[SourceVersion "1"]
[SourceVersionDate "2022.01.31"]
[SourceQuality "1"]

1. e4 c5 2. Nc3 d6 3. g3 g6 4. Bg2 Bg7 5. d3 Nc6 6. f4 e6 7. Nf3 Nge7 8. 0-0 0-0 9. Be3 Nd4 10. Rb1 Rb8 11. Ne2 Nxf3+ 12. Bxf3 f5 13. g4 fxg4 14. Bxg4 e5 15. Bf3 Nc6 16. c3 Qh4 17. Bf2 Qe7 18. Bg3 Bh3 19. Rf2 Bh6 20. Bh1 Bg4 21. Qb3+ Kh8 22. fxe5 Nxe5 23. Nf4 Rxf4 24. Rxf4 Bg7 25. Rbf1 g5 26. R4f2 c4 27. dxc4 Qc7 28. Bxe5 Bxe5 29. Rf7 Qc5+ 30. R1f2 Bf4 31. Rxb7 Rf8 32. Rb8 Bc8 33. Rb5 Bxh2+ 34. Kg2 Qxf2# 0-1

[Event "Titled Tuesday intern op 19th Oct"]
[Site "Chess.com INT"]
[Date "2021.10.19"]
[Round "5"]
[White "Zaksaite, Salomeja"]
[Black "Pischal, Yulia"]
[Result "1-0"]
[WhiteElo "2250"]
[BlackElo "1963"]
[PlyCount "47"]
[EventDate "2021.10.19"]
[EventType "swiss (blitz)"]
[EventRounds "11"]
[EventCountry "USA"]
[SourceTitle "CBM 204 Extra"]
[Source "ChessBase"]
[SourceDate "2021.11.30"]
[SourceVersion "1"]
[SourceVersionDate "2021.11.30"]
[SourceQuality "1"]

1. e4 c5 2. Nf3 d6 3. d4 cxd4 4. Nxd4 Nf6 5. Nc3 Nc6 6. Bc4 e6 7. Be3 Be7 8. Qe2 0-0 9. 0-0-0 a6 10. Bb3 Qc7 11. Rhg1 b5 12. g4 b4 13. g5 bxc3 14. gxf6 cxb2+ 15. Kb1 Bxf6 16. Nxc6 Qxc6 17. Bh6 Kh8 18. e5 dxe5 19. Bxg7+ Bxg7 20. Rxg7 Bb7 21. Rxh7+ Kxh7 22. Qh5+ Kg7 23. Rg1+ Kf6 24. Qg5# 1-0